00497 a2200145 4500010001400000020002300014035001300037037001800050082000800068100002600076245009700102260004000199270008400239300002800323 aENG-85473 c120.00a8188413137 aEN-69006 bD.B.Act / Pub14a2701 aKhwaja Abdul Muntaqim1 aIslam's big "no" to terrorismcby Khwaja Addul Muntaqimbfriendship with all malice for none aNew DelhibM. R. Publicationsc2005 a2652/55, First Floor, Kucha Chelan, Darya Ganj,bNew Delhie110 002k9810784549 avi,119 p.c22 cm (Pbk.)